<?xml version="1.0" encoding="UTF-8"?>
<collection xmlns="http://www.loc.gov/MARC21/slim">
 <record>
  <leader>06476nam a2200397 a 4500</leader>
  <controlfield tag="001">kal3643</controlfield>
  <controlfield tag="003">Gr-AtHEAL</controlfield>
  <controlfield tag="005">20160504113809.0</controlfield>
  <controlfield tag="006">m        d        </controlfield>
  <controlfield tag="008">160413s2015    gr      s           gre|c</controlfield>
  <datafield tag="020" ind1=" " ind2=" ">
   <subfield code="a">9789606034336</subfield>
  </datafield>
  <datafield tag="040" ind1=" " ind2=" ">
   <subfield code="a">GR-AtHEAL</subfield>
   <subfield code="b">gre</subfield>
   <subfield code="c">GR-AtHEAL</subfield>
  </datafield>
  <datafield tag="082" ind1="0" ind2="4">
   <subfield code="a">620.1</subfield>
   <subfield code="2">23</subfield>
  </datafield>
  <datafield tag="100" ind1="1" ind2=" ">
   <subfield code="a">Συλαίος, Γεώργιος.</subfield>
   <subfield code="8">2158</subfield>
  </datafield>
  <datafield tag="245" ind1="1" ind2="0">
   <subfield code="a">Περιβαλλοντική υπολογιστική</subfield>
   <subfield code="h">[Ηλεκτρονικός πόρος] </subfield>
   <subfield code="b">Προσομοίωση υδατικών συστημάτων με έμφαση στην προστασία περιβάλλοντος</subfield>
   <subfield code="c">Συλαίος, Γεώργιος ; Μουτσόπουλος, Κωνσταντίνος ; Κριτικός αναγνώστης,ΚΑΡΑΜΠΑΣ, ΘΕΟΦΑΝΗΣ ; Τεχνική επιμέλεια,Κόκκος, Νικόλαος ; Γλωσσική επιμέλεια,Βιολιτζή, Γεωργία.</subfield>
  </datafield>
  <datafield tag="260" ind1=" " ind2=" ">
   <subfield code="a">Αθήνα :</subfield>
   <subfield code="b">Σύνδεσμος Ελληνικών Ακαδημαϊκών Βιβλιοθηκών,</subfield>
   <subfield code="c">c2015.</subfield>
  </datafield>
  <datafield tag="490" ind1=" " ind2=" ">
   <subfield code="a">Ακαδημαϊκά Ηλεκτρονικά Συγγράμματα και Βοηθήματα Κάλλιπος</subfield>
   <subfield code="8">40</subfield>
  </datafield>
  <datafield tag="520" ind1=" " ind2=" ">
   <subfield code="a">Το βιβλίο αποτελείται από δύο μέρη. Το πρώτο μέρος ασχολείται με τη διδασκαλία των κύριων θεωρητικών εξισώσεων της περιβαλλοντικής ρευστομηχανικής. Σε αυτό αναλύονται διεξοδικά οι κύριες εξισώσεις μαθηματικών προσομοιώσεων των περιβαλλοντικών ροών (εξίσωση Navier-Stokes, συνέχειας, ολοκληρωμένη κατά το βάθος εξίσωση συνέχειας, ολοκληρωμένες πλευρικά εξισώσεις συνέχειας και κίνησης, εξίσωση μεταφοράς και διάχυσης ρύπου, εξισώσεων υπόγειων ροών), ενώ προσδιορίζονται oi εμπειρικές εξισώσεις εκτίμησης των συντελεστών τυρβώδους ιξώδους και τυρβώδους διάχυσης. Αναλύεται η μεθοδολογία επίλυσης των παραπάνω εξισώσεων με τη τεχνική των πεπερασμένων διαφορών και όγκων ελέγχου και παρουσιάζονται σειρά ασκήσεων και προβλημάτων.Το δεύτερο μέρος παρουσιάζει εφαρμοσμένες περιβαλλοντικές ροές και τις διεργασίες μεταφοράς και διάχυσης ρύπων σε αυτές. Ειδικότερα αναλύονται οι διεργασίες και η προσομοίωση των φαινομένων μεταφοράς και διάχυσης ρύπου σε μονοδιάστατες ροές (π.χ., κανάλια, χείμαρροι, ποτάμια), διδιάστατες ροές (λίμνες, ταμιευτήρες, ποταμοεκβολές, παράκτια συστήματα) και σε τρισδιάστατες ροές (ανοικτή θάλασσα). Επιπλέον το μάθημα ασχολείται με τη μελέτη συμπεριφοράς υποθαλάσσιων φλεβών και πλουμίων που αναπτύσσονται στη παράκτια ζώνη, και ασχολείται με το βέλτιστο σχεδιασμό τέτοιων έργων ώστε να επιτυγχάνεται ο περιορισμός των περιβαλλοντικών επιπτώσεων. Τέλος, παρουσιάζονται παραδείγματα προσομοίωσης και διαχείρισης υπόγειου υδατικού δυναμικού.Παρουσιάζεται η μεθοδολογία διακριτοποίησης του υπολογιστικού πεδίου, η διαδικασία απλοποίησης των τρισδιάστατων θεωρητικών εξισώσεων μέσω παραδοχών, η εφαρμογή αρχικών και οριακών συνθηκών και η δυνατότητα διασύνδεσης του ομοιώματος με άλλα ομοιώματα ευρύτερης ροής. Σε κάθε κεφάλαιο παρουσιάζονται εφαρμογές που έχουν αναπτύξει οι συγγραφείς και έχουν εφαρμόσει σε υπαρκτά υδατικά συστήματα.</subfield>
  </datafield>
  <datafield tag="650" ind1=" " ind2="0">
   <subfield code="a">Fluid mechanics</subfield>
   <subfield code="8">1628</subfield>
  </datafield>
  <datafield tag="650" ind1=" " ind2="0">
   <subfield code="a">Groundwater</subfield>
   <subfield code="8">2742</subfield>
  </datafield>
  <datafield tag="653" ind1=" " ind2=" ">
   <subfield code="a">Διαχείριση υδάτινων πόρων</subfield>
  </datafield>
  <datafield tag="653" ind1=" " ind2=" ">
   <subfield code="a">Εφαρμοσμένη ρευστομηχανική</subfield>
  </datafield>
  <datafield tag="653" ind1=" " ind2=" ">
   <subfield code="a">Διασπορά ρύπων</subfield>
  </datafield>
  <datafield tag="653" ind1=" " ind2=" ">
   <subfield code="a">Προσομοιώσεις ροών</subfield>
  </datafield>
  <datafield tag="653" ind1=" " ind2=" ">
   <subfield code="a">Επιστήμες της γης</subfield>
   <subfield code="a">Ωκεανογραφία</subfield>
   <subfield code="a">Φυσική ωκεανογραφία</subfield>
  </datafield>
  <datafield tag="653" ind1=" " ind2=" ">
   <subfield code="a">Τεχνολογία και επιστήμες μηχανικών</subfield>
   <subfield code="a">Τεχνολογία και μηχανική περιβάλλοντος</subfield>
   <subfield code="a">Διαχείριση υδατικών πόρων</subfield>
  </datafield>
  <datafield tag="653" ind1=" " ind2=" ">
   <subfield code="a">Επιστήμες της γης</subfield>
   <subfield code="a">Υδρο(γεω)λογία</subfield>
   <subfield code="a">Υπόγεια νερά</subfield>
  </datafield>
  <datafield tag="653" ind1=" " ind2=" ">
   <subfield code="a">Φυσική</subfield>
   <subfield code="a">Ηλεκτρομαγνητισμός, οπτική, ακουστική, μεταφορά θερμότητας, κλασική μηχανική, ρευστοδυναμική</subfield>
   <subfield code="a">Ρευστοδυναμική</subfield>
   <subfield code="a">Γενική θεωρία στη ρευστοδυναμική</subfield>
  </datafield>
  <datafield tag="653" ind1=" " ind2=" ">
   <subfield code="a">Τεχνολογία και επιστήμες μηχανικών</subfield>
   <subfield code="a">Τεχνολογία και μηχανική περιβάλλοντος</subfield>
   <subfield code="a">Περιβαλλοντικά συστήματα και μοντέλα</subfield>
  </datafield>
  <datafield tag="700" ind1="1" ind2=" ">
   <subfield code="a">Μουτσόπουλος, Κωνσταντίνος</subfield>
   <subfield code="e">Συγγραφέας</subfield>
   <subfield code="8">2159</subfield>
  </datafield>
  <datafield tag="700" ind1="1" ind2=" ">
   <subfield code="a">Καραμπάς, Θεοφάνης</subfield>
   <subfield code="e">Κριτικός αναγνώστης</subfield>
   <subfield code="8">2160</subfield>
  </datafield>
  <datafield tag="856" ind1="4" ind2="0">
   <subfield code="u">http://hdl.handle.net/11419/3643</subfield>
   <subfield code="z">Πλήρες Κείμενο - Full text</subfield>
  </datafield>
  <datafield tag="907" ind1=" " ind2=" ">
   <subfield code="a">.b25678541</subfield>
   <subfield code="b">12-06-18</subfield>
   <subfield code="c">29-07-16</subfield>
  </datafield>
  <datafield tag="949" ind1=" " ind2=" ">
   <subfield code="0">0</subfield>
   <subfield code="1">0</subfield>
   <subfield code="2">ddc</subfield>
   <subfield code="4">0</subfield>
   <subfield code="6">620_100000000000000_ΣΥΛ</subfield>
   <subfield code="7">0</subfield>
   <subfield code="8">KALL</subfield>
   <subfield code="8">613</subfield>
   <subfield code="d">2016-04-13</subfield>
   <subfield code="r">2016-04-13</subfield>
   <subfield code="w">2016-04-13</subfield>
   <subfield code="z">620.1 ΣΥΛ</subfield>
   <subfield code="o">SEAB KALLIPOS</subfield>
  </datafield>
  <datafield tag="998" ind1=" " ind2=" ">
   <subfield code="a">80</subfield>
   <subfield code="a">01</subfield>
   <subfield code="a">02</subfield>
   <subfield code="a">03</subfield>
   <subfield code="a">04</subfield>
   <subfield code="a">05</subfield>
   <subfield code="a">06</subfield>
   <subfield code="a">07</subfield>
   <subfield code="a">08</subfield>
   <subfield code="a">09</subfield>
   <subfield code="a">10</subfield>
   <subfield code="a">11</subfield>
   <subfield code="a">12</subfield>
   <subfield code="a">13</subfield>
   <subfield code="a">14</subfield>
   <subfield code="a">15</subfield>
   <subfield code="a">16</subfield>
   <subfield code="a">17</subfield>
   <subfield code="a">18</subfield>
   <subfield code="a">19</subfield>
   <subfield code="a">20</subfield>
   <subfield code="a">21</subfield>
   <subfield code="a">22</subfield>
   <subfield code="a">23</subfield>
   <subfield code="a">24</subfield>
   <subfield code="a">25</subfield>
   <subfield code="a">26</subfield>
   <subfield code="b">10-05-17</subfield>
   <subfield code="c">m</subfield>
   <subfield code="d">z  </subfield>
   <subfield code="e">-</subfield>
   <subfield code="f">gre</subfield>
   <subfield code="g">gr </subfield>
   <subfield code="h">0</subfield>
  </datafield>
  <datafield tag="942" ind1=" " ind2=" ">
   <subfield code="2">ddc</subfield>
   <subfield code="c">KALLIPOS</subfield>
  </datafield>
 </record>
</collection>
